[Event "AUTO-ELITE-909"]
[Site "http://www.queenalice.com/game.php?id=1024619"]
[Date "2012.2.2"]
[Round "1"]
[White "csparrow"]
[Black "JDZ"]
[Result "1-0"]
[WhiteElo "2637"]
[BlackElo "2448"]

1. Nf3 d5 2. d4 Nf6 3. c4 c6 4. Nc3 a6 5. c5 Nbd7 6. Bf4 Nh5 7. Bd2 e5 8. Nxe5
Nxe5 9. dxe5 Qe7 10. Na4 Qxe5 11. Nb6 Rb8 12. Bc3 Qg5 13. Nxc8 Rxc8 14. h4 Qg6
15. Qd4 Nf6 16. h5 Qg5 17. h6 Rg8 18. hxg7 Bxg7 19. Bd2 Qf5 20. f3 Nd7 21. Qe3+
Kf8 22. Qb3 Rb8 23. O-O-O Nxc5 24. Bb4 1-0

[Event "AUTO-ELITE-909"]
[Site "http://www.queenalice.com/game.php?id=1024620"]
[Date "2012.2.2"]
[Round "1"]
[White "JDZ"]
[Black "csparrow"]
[Result "0-1"]
[WhiteElo "2444"]
[BlackElo "2642"]

1. d4 Nf6 2. c4 e6 3. Nc3 Bb4 4. e3 b6 5. Bd3 Bb7 6. Nf3 O-O 7. O-O Bxc3 8. bxc3
c5 9. a4 d6 10. a5 Nbd7 11. Nd2 Re8 12. f3 Qc7 13. Bb2 h6 14. Re1 Bc6 15. axb6
axb6 16. Qe2 Nf8 17. Bc2 Ng6 18. Rf1 Ra5 19. Nb3 Raa8 20. Nd2 Rec8 0-1

[Event "AUTO-ELITE-909"]
[Site "http://www.queenalice.com/game.php?id=1024621"]
[Date "2012.2.2"]
[Round "1"]
[White "csparrow"]
[Black "WakanTanka"]
[Result "0-1"]
[WhiteElo "2645"]
[BlackElo "2599"]

1. Nf3 a5 2. e4 e6 3. d4 d5 4. exd5 exd5 5. Bd3 Bd6 6. O-O Ne7 7. Re1 O-O 8. c4
dxc4 9. Bxc4 Nd7 10. a3 h6 11. Nc3 Nb6 12. Ba2 c6 13. h3 Bc7 14. Bd2 Nbd5 15.
Nxd5 Nxd5 16. Qc2 Be6 17. Rad1 Re8 18. Bb1 Nf6 19. Ne5 Bb6 20. Bf4 a4 21. Nc4
Bxc4 22. Rxe8+ Qxe8 23. Qxc4 Nd5 24. Be5 Qe6 25. Qd3 g6 26. Qg3 Bd8 27. f4 Ne7
28. Kh2 Kh7 29. Qh4 Nd5 30. Qf2 Bf6 31. Re1 Qe7 32. f5 g5 33. Ba2 Kg7 34. Qf3
Rd8 35. Re2 Qd7 36. Qg4 Qe7 37. g3 Kh7 38. Qh5 Re8 39. b4 axb3 40. Bxb3 Rd8 41.
a4 Rd7 42. Bxd5 cxd5 43. h4 Qd8 44. a5 gxh4 45. gxh4 b5 46. Bf4 Qf8 47. Rc2 Qg7
48. Rc6 Bxd4 49. Qxh6+ Qxh6 50. Rxh6+ Kg7 51. Rd6 Ra7 52. Rxd5 Bc3 53. Rxb5 Bxa5
0-1

[Event "AUTO-ELITE-909"]
[Site "http://www.queenalice.com/game.php?id=1024622"]
[Date "2012.2.2"]
[Round "1"]
[White "WakanTanka"]
[Black "csparrow"]
[Result "0-1"]
[WhiteElo "2520"]
[BlackElo "2630"]

1. a3 e5 2. d4 exd4 3. Qxd4 Nc6 4. Qd3 d5 5. Nf3 h6 6. Nc3 Nf6 7. Be3 Be6 8.
O-O-O Bd6 9. Kb1 O-O 10. h3 b5 11. Nxb5 Rb8 12. g4 Ne4 13. Nxd6 cxd6 14. Nd2 Ne5
15. Qd4 Qc7 16. Rc1 Nc6 17. Qd3 Ne5 18. Qd4 Nc4 19. Nb3 a5 20. Ka1 a4 21. Nd2
Ncxd2 22. Bxd2 Nxd2 23. Bg2 Nc4 24. Rb1 Rfc8 25. Rhc1 Na5 26. f4 Nb3+ 27. cxb3
Qxc1 28. b4 Qc2 29. f5 Bd7 30. Bf3 Rc7 0-1

[Event "AUTO-OPEN-2594"]
[Site "http://www.queenalice.com/game.php?id=1024730"]
[Date "2012.2.2"]
[Round "1"]
[White "Caronte"]
[Black "csparrow"]
[Result "1/2-1/2"]
[WhiteElo "2643"]
[BlackElo "2637"]

1. e4 c5 2. Nf3 d6 3. d4 cxd4 4. Nxd4 Nf6 5. Nc3 a6 6. f3 e5 7. Nb3 Be6 8. Be3
h5 9. Be2 Nbd7 10. a4 Rc8 11. O-O Be7 12. a5 O-O 13. Qd2 Qc7 14. Rfd1 Rfd8 15.
Bf1 d5 16. exd5 Nxd5 17. Nxd5 Bxd5 18. Qxd5 Nf6 19. Qc4 Qxc4 20. Bxc4 Rxc4 21.
c3 Rcc8 22. g3 h4 23. Kf2 Nd5 24. Ba7 f5 25. Re1 hxg3+ 26. hxg3 Bd6 27. Rad1
1/2-1/2

[Event "AUTO-OPEN-2594"]
[Site "http://www.queenalice.com/game.php?id=1024731"]
[Date "2012.2.2"]
[Round "1"]
[White "csparrow"]
[Black "Caronte"]
[Result "1/2-1/2"]
[WhiteElo "2637"]
[BlackElo "2644"]

1. Nf3 c5 2. c4 g6 3. d4 Bg7 4. d5 d6 5. e4 Nf6 6. Nc3 O-O 7. h3 e6 8. Bd3 exd5
9. exd5 Re8+ 10. Be3 Bh6 11. O-O Bxe3 12. fxe3 Qe7 13. e4 Nbd7 14. Qd2 Rf8 15.
Bc2 Ne5 16. Nxe5 Qxe5 17. Qf4 Kg7 18. Qxe5 dxe5 19. Ba4 h5 20. a3 Bd7 21. Rxf6
Bxa4 22. Rf2 Bb3 23. Rc1 Rad8 24. Nb1 Rd6 25. Rc3 Rb6 26. Nd2 Ba4 27. b3 Bd7 28.
Kf1 Ra6 29. a4 Rd6 30. Ke2 a5 31. Nf3 f6 32. Kd2 g5 33. h4 g4 34. Ne1 b6 1/2-1/2

[Event "AUTO-OPEN-2594"]
[Site "http://www.queenalice.com/game.php?id=1024760"]
[Date "2012.2.2"]
[Round "1"]
[White "csparrow"]
[Black "belzinha"]
[Result "1-0"]
[WhiteElo "2636"]
[BlackElo "1206"]

1. Nf3 Nc6 2. d4 d5 3. c4 Nf6 4. cxd5 Qxd5 5. Nc3 Qd6 6. e4 e5 7. d5 Ne7 8. Nb5
Qb4+ 9. Nd2 Qc5 10. b4 Qb6 11. Nc4 Qd4 12. Nxd4 exd4 13. Qxd4 Ng6 14. d6 Bd7 15.
e5 Nh5 16. g4 O-O-O 17. Qxa7 Bc6 18. gxh5 Bxh1 19. Bh3+ Rd7 20. Qa8# 1-0

[Event "AUTO-OPEN-2594"]
[Site "http://www.queenalice.com/game.php?id=1024761"]
[Date "2012.2.2"]
[Round "1"]
[White "belzinha"]
[Black "csparrow"]
[Result "0-1"]
[WhiteElo "1237"]
[BlackElo "2641"]

1. e4 c5 2. Bc4 e6 3. Nf3 Nc6 4. d3 d5 5. exd5 exd5 6. Bb5 Bd6 7. O-O Ne7 8. Nc3
O-O 9. Be3 d4 10. Bd2 dxc3 11. Bxc3 a6 12. Bxc6 Nxc6 13. Re1 Bg4 14. h3 Bh5 15.
a4 f5 16. Qd2 Bxf3 17. gxf3 Qh4 18. Kg2 Bf4 19. Qd1 Rae8 20. Bd2 Qg5+ 21. Kf1
Bxd2 22. Re2 Nd4 23. Qxd2 Qh5 24. Kg2 Qxf3+ 25. Kh2 Rxe2 26. Qxe2 Nxe2 27. Rf1
Nf4 28. Rg1 Qxh3# 0-1

[Event "BRASILEIRÃO"]
[Site "http://www.queenalice.com/game.php?id=1027546"]
[Date "2012.2.7"]
[Round "1"]
[White "Kuarwaki"]
[Black "csparrow"]
[Result "1/2-1/2"]
[WhiteElo "2592"]
[BlackElo "2646"]

1. e4 c5 2. Nf3 d6 3. d4 cxd4 4. Nxd4 Nf6 5. Nc3 a6 6. Bg5 e6 7. Be2 Be7 8. Qd3
Nbd7 9. O-O h6 10. Bd2 Qb6 11. Nb3 Qc6 12. f4 O-O 13. Rad1 e5 14. a3 b5 15. Kh1
Re8 16. Qg3 Kh8 17. fxe5 Nxe5 18. Nd4 Qb7 19. Bf4 Rb8 20. Qe3 Ng6 21. Qg3 Nxe4
22. Nxe4 Qxe4 23. Bxd6 Bxd6 24. Qxd6 Qe5 25. Qb4 Bb7 26. Bf3 Bxf3 27. Nxf3 Qc7
28. Rf2 Re6 29. h3 Rbe8 30. Qd2 Kg8 31. Nd4 Re4 32. Nf5 1/2-1/2

[Event "sergiogvh-2"]
[Site "http://www.queenalice.com/game.php?id=1030233"]
[Date "2012.2.16"]
[Round "1"]
[White "shogun"]
[Black "csparrow"]
[Result "1-0"]
[WhiteElo "2535"]
[BlackElo "2636"]

1. e4 c5 2. Nf3 d6 3. c3 Nf6 4. Bc4 Nc6 5. Qe2 Bg4 6. h3 Bh5 7. d3 e6 8. O-O Be7
9. Bb3 h6 10. Bf4 O-O 11. Nbd2 b5 12. Qe3 Bg6 13. a4 a6 14. Nh4 Bh7 15. Nhf3 Qc7
16. Bc2 Rfd8 17. Rfe1 Nd7 18. Bg3 Qb7 19. Qe2 Nb6 20. d4 cxd4 21. axb5 axb5 22.
Qxb5 dxc3 23. bxc3 Qc7 24. Nc4 Nxc4 25. Qxc4 1-0

[Event "AUTO-OPEN-2594"]
[Site "http://www.queenalice.com/game.php?id=1108353"]
[Date "2012.10.1"]
[Round "2"]
[White "csparrow"]
[Black "Matrick"]
[Result "1-0"]
[WhiteElo "2630"]
[BlackElo "2342"]

1. Nf3 Nf6 2. c4 e6 3. d4 b6 4. a3 Bb7 5. Nc3 d5 6. Bg5 Be7 7. Rc1 O-O 8. e3
Nbd7 9. cxd5 exd5 10. Bb5 a6 11. Ba4 Rc8 12. O-O c5 13. dxc5 bxc5 14. Bc2 h6 15.
Bf4 Qb6 16. Bf5 Rfd8 17. Ne5 d4 18. Na4 Qb5 19. Bd3 Qa5 20. Nc4 Qb5 21. Re1 dxe3
22. Rxe3 Nd5 23. Rxe7 Nxf4 24. Nc3 Qc6 25. Be4 Nf6 26. Bxc6 Rxd1+ 27. Rxd1 Bxc6
28. f3 N6d5 29. Nxd5 Bxd5 30. Nb6 Bb3 31. Nxc8 Bxd1 32. Nd6 a5 33. Rxf7 Nd3 34.
Rb7 a4 35. Nf5 Kf8 36. Rxg7 Nxb2 37. Rc7 Nc4 38. Rxc5 Nxa3 39. Nd4 Bb3 40. Nxb3
axb3 41. Rc8+ 1-0

[Event "AUTO-OPEN-2594"]
[Site "http://www.queenalice.com/game.php?id=1108354"]
[Date "2012.10.1"]
[Round "2"]
[White "Matrick"]
[Black "csparrow"]
[Result "0-1"]
[WhiteElo "2346"]
[BlackElo "2628"]

1. e4 c5 2. Nf3 d6 3. d4 cxd4 4. Nxd4 Nf6 5. Nc3 g6 6. Be3 Bg7 7. f3 a6 8. Qd2
Nbd7 9. Bc4 b5 10. Bb3 Bb7 11. a4 b4 12. Nd5 Nxd5 13. Bxd5 Bxd5 14. exd5 Qc7 15.
Qxb4 Rb8 16. Qc3 Qxc3+ 17. bxc3 Nf6 18. Nc6 Rc8 19. Rd1 Nxd5 20. Rxd5 Rxc6 21.
Bd4 e5 22. Be3 Ke7 23. Kd2 Rhc8 24. Rd3 f5 25. Rd1 Ke6 26. Ke2 e4 27. Rd5 Be5
28. c4 exf3+ 29. gxf3 f4 30. Bd4 Rxc4 31. Bxe5 Rxc2+ 32. R1d2 Rxd2+ 33. Rxd2
dxe5 34. Rb2 a5 35. Rb6+ Kf5 36. Rb5 Rc2+ 37. Kf1 Rxh2 38. Rxa5 h5 39. Ra8 h4
40. a5 Ra2 41. a6 h3 42. Kg1 e4 43. a7 Kg5 44. fxe4 f3 0-1

[Event "BRASILEIRÃO"]
[Site "http://www.queenalice.com/game.php?id=1110270"]
[Date "2012.10.7"]
[Round "2"]
[White "csparrow"]
[Black "BRASILOV"]
[Result "0-1"]
[WhiteElo "2648"]
[BlackElo "2494"]

1. e4 e5 2. Nf3 Nc6 3. Bb5 a6 4. Ba4 Nf6 5. O-O Be7 6. Re1 b5 7. Bb3 d6 8. c3
O-O 9. h3 Re8 10. d4 h6 11. Nbd2 Bf8 12. Nf1 Bb7 13. Ng3 Na5 14. Bc2 Nc4 15. b3
Nb6 16. Rb1 Rb8 17. Bd2 c5 18. d5 c4 19. b4 Bc8 20. a4 Nxa4 21. Bxa4 bxa4 22.
Qxa4 Qd7 23. Qa2 Qb5 24. Ra1 Bb7 25. Qc2 Qb6 26. Nf5 Qc7 27. Ne3 Nd7 28. Bc1
Rbc8 29. Qe2 Kh8 30. Nd2 Nb6 31. h4 Kg8 32. h5 Kh8 33. Qf3 Ra8 34. Ndf1 Rab8 35.
Nf5 Nc8 36. N1e3 Na7 37. Ng4 Nb5 38. Bd2 Ra8 39. Qg3 Qd8 40. Re3 Bc8 41. Rf3
Bxf5 42. Rxf5 Re7 43. Rf3 Rb7 44. Kh2 Be7 45. Rxf7 Bh4 46. Qf3 Rxf7 47. Qxf7 Bg5
48. Be1 Qc8 49. f3 Ra7 50. Qg6 Qf8 51. Bf2 Ra8 52. Ne3 Bf4+ 53. Kh1 Bxe3 54.
Bxe3 Qc8 55. g4 Qf8 56. Kg2 Nxc3 57. g5 Ne2 58. gxh6 gxh6 0-1

[Event "AUTO-ELITE-909"]
[Site "http://www.queenalice.com/game.php?id=1127373"]
[Date "2012.11.30"]
[Round "2"]
[White "csparrow"]
[Black "WakanTanka"]
[Result "1-0"]
[WhiteElo "2640"]
[BlackElo "2634"]

1. e4 c6 2. d4 d5 3. f3 e6 4. Nc3 Qb6 5. a3 Nd7 6. Be3 Be7 7. Be2 dxe4 8. fxe4
Ngf6 9. Nf3 O-O 10. h3 Nh5 11. Kf2 f5 12. exf5 exf5 13. Re1 f4 14. Bc1 Qd8 15.
Kg1 Nb6 16. Ne4 Bf5 17. Nf2 Rb8 18. Nh2 Ng3 19. Bxf4 Bd6 20. Bxd6 Qxd6 21. Nf3
Nxe2+ 22. Qxe2 Qg3 23. c4 Bg6 24. Ng4 Rbe8 25. Nfe5 Bf5 26. Qf2 Qxf2+ 27. Nxf2
Rd8 28. Rad1 h6 29. c5 Nd5 30. Nc4 b6 31. Nd6 bxc5 32. dxc5 a5 33. Re5 Bg6 34.
Rd2 Nf4 35. Ng4 Bf5 36. Ne3 Be6 37. b4 axb4 38. axb4 Rf6 39. Re4 g5 40. Kh2 Kh7
41. Red4 Rdf8 42. b5 cxb5 43. c6 Rg6 44. c7 Rg7 45. Nxb5 Rc8 46. Rd6 Re7 47. g3
Ng6 48. Rc2 Bb3 49. Rc3 Be6 50. Nd5 1-0

[Event "AUTO-ELITE-909"]
[Site "http://www.queenalice.com/game.php?id=1127374"]
[Date "2012.11.30"]
[Round "2"]
[White "WakanTanka"]
[Black "csparrow"]
[Result "1/2-1/2"]
[WhiteElo "2634"]
[BlackElo "2640"]

1. d4 Nf6 2. c4 e6 3. Nc3 Bb4 4. e3 c5 5. Bd3 O-O 6. Ne2 d5 7. cxd5 cxd4 8. exd4
Nxd5 9. a3 Be7 10. O-O Nc6 11. Nxd5 exd5 12. Nf4 Qd6 13. Re1 g6 14. Be3 Bf6 15.
g3 Re8 16. Qf3 Rd8 17. Rad1 Bg7 18. Bb1 h5 19. h3 Ne7 20. Nxh5 gxh5 21. Qxh5 Kf8
22. Bg5 Re8 23. Re3 Ng8 24. Rf3 Be6 25. Bg6 Re7 26. Re1 f6 27. Bd2 a5 28. b4 b6
29. bxa5 bxa5 30. Rb3 Qd8 31. h4 f5 32. Bg5 Nf6 33. Bxf6 Bxf6 34. Rbe3 Qd7 35.
Qh6+ Bg7 36. Qf4 Kg8 37. Bxf5 Rae8 38. Qg5 Kf8 39. Bxe6 Rxe6 40. Qf4+ Kg8 41.
Qg4 Rxe3 42. Qxd7 Rxe1+ 43. Kg2 Kh8 44. Qxd5 a4 45. Qh5+ Kg8 46. Qb5 R8e4 47.
Qxa4 Bxd4 48. Kf3 Bb6 49. Qc2 Ba7 50. Qxe4 1/2-1/2

[Event "AUTO-OPEN-2594"]
[Site "http://www.queenalice.com/game.php?id=1197767"]
[Date "2013.7.7"]
[Round "3"]
[White "Caronte"]
[Black "csparrow"]
[Result "1-0"]
[WhiteElo "2717"]
[BlackElo "2630"]

1. Nf3 Nf6 2. c4 e6 3. g3 a6 4. Bg2 b5 5. b3 Bb7 6. O-O c5 7. Nc3 Qb6 8. e3 Be7
9. d4 O-O 10. d5 exd5 11. cxd5 d6 12. Bb2 Re8 13. e4 Nbd7 14. Nd2 Bf8 15. a4 g6
16. Qc2 Bh6 17. h3 Bxd2 18. Qxd2 b4 19. Nd1 Nxe4 20. Qf4 f5 21. g4 Ndf6 22. Ne3
Qc7 23. gxf5 g5 24. Qf3 Nxd5 25. Nxd5 1-0

[Event "AUTO-OPEN-2594"]
[Site "http://www.queenalice.com/game.php?id=1197768"]
[Date "2013.7.7"]
[Round "3"]
[White "csparrow"]
[Black "Caronte"]
[Result "0-1"]
[WhiteElo "2637"]
[BlackElo "2710"]

1. e4 c5 2. Nf3 d6 3. d4 cxd4 4. Nxd4 Nf6 5. Nc3 a6 6. Bc4 e6 7. Bb3 b5 8. O-O
Be7 9. Qf3 Qc7 10. Qg3 O-O 11. Bh6 Ne8 12. Rad1 Bd7 13. f4 Nc6 14. Nxc6 Bxc6 15.
f5 Kh8 16. f6 gxh6 17. fxe7 Qxe7 18. Qf2 Rb8 19. Qd4+ f6 20. Ne2 a5 21. a3 b4
22. Qe3 bxa3 23. bxa3 a4 24. Bc4 h5 0-1